New illustrated Webster s dictionary of the English language and thesaurus. (Record no. 642)
[ view plain ]
| 000 -LEADER | |
|---|---|
| fixed length control field | 01174cam a2200301 a 4500 |
| 001 - CONTROL NUMBER | |
| control field | 642 |
| 003 - CONTROL NUMBER IDENTIFIER | |
| control field | BD-DhEWU |
| 005 - DATE AND TIME OF LATEST TRANSACTION | |
| control field | 20200226164617.0 |
| 008 - FIXED-LENGTH DATA ELEMENTS--GENERAL INFORMATION | |
| fixed length control field | 110604s1992 xxua g d 000 0 e |d |
| 020 ## - INTERNATIONAL STANDARD BOOK NUMBER | |
| International Standard Book Number | 1881275043 |
| 035 ## - SYSTEM CONTROL NUMBER | |
| System control number | (OCoLC) 28100193 |
| 040 ## - CATALOGING SOURCE | |
| Original cataloging agency | BD-DhEWU |
| Modifying agency | BD-DhEWU |
| Language of cataloging | eng |
| Transcribing agency | BD-DhEWU |
| 041 ## - LANGUAGE CODE | |
| Language code of text/sound track or separate title | eng |
| 082 04 - DEWEY DECIMAL CLASSIFICATION NUMBER | |
| Classification number | 423.3 |
| Item number | NEW 1992 |
| Edition number | 22 |
| 245 10 - TITLE STATEMENT | |
| Title | New illustrated Webster s dictionary of the English language and thesaurus. |
| 246 ## - VARYING FORM OF TITLE | |
| Title proper/short title | Webster's dictionary of the English language |
| 260 ## - PUBLICATION, DISTRIBUTION, ETC. (IMPRINT) | |
| Place of publication, distribution, etc | New York : |
| Name of publisher, distributor, etc | PMC Publishing, |
| Date of publication, distribution, etc | 1992. |
| 300 ## - PHYSICAL DESCRIPTION | |
| Extent | ix, 1150, [88] p. : |
| Other physical details | ill. ; |
| Dimensions | 29 cm. |
| 500 ## - GENERAL NOTE | |
| General note | Derived from Funk & Wagnalls new comprehensive international dictionary of the English language.<br/>Cover title: New illustrated Webster's dictionary, thesaurus. |
| 526 ## - STUDY PROGRAM INFORMATION NOTE | |
| Program name | Library |
| 590 ## - LOCAL NOTE (RLIN) | |
| Local note | Shaharima Parvin |
| 653 00 - INDEX TERM--UNCONTROLLED | |
| Uncontrolled term | Dictionaries |
| Uncontrolled term | English language |
| 655 ## - INDEX TERM--GENRE/FORM | |
| Genre/form data or focus term | English language |
| 9 (RLIN) | 25041 |
| 710 1# - ADDED ENTRY--CORPORATE NAME | |
| Corporate name or jurisdiction name as entry element | J.G. Ferguson Publishing Company |
| 9 (RLIN) | 14101 |
| 856 42 - ELECTRONIC LOCATION AND ACCESS | |
| Materials specified | WorldCat details |
| Uniform Resource Identifier | http://www.worldcat.org/title/new-illustrated-websters-dictionary-of-the-english-language/oclc/28100193&referer=brief_results |
| 942 ## - ADDED ENTRY ELEMENTS (KOHA) | |
| Koha item type | Ref. |
| Source of classification or shelving scheme | Dewey Decimal Classification |
| Withdrawn status | Lost status | Source of classification or shelving scheme | Damaged status | Not for loan | Collection code | Home library | Current library | Shelving location | Date acquired | Cost, normal purchase price | Total Checkouts | Full call number | Barcode | Copy number | Koha item type |
|---|---|---|---|---|---|---|---|---|---|---|---|---|---|---|---|
| Dewey Decimal Classification | Not For Loan | Reference | Dr. S. R. Lasker Library, EWU | Dr. S. R. Lasker Library, EWU | Reference Section | 27/10/1996 | 0.00 | 423.3 NEW 1992 | 106 | C-1 | Ref. |